000 00832nam a2200253Ia 4500
003 OSt
005 20220923223225.0
006 a|||||r|||| 00| 0
007 ta
008 220922b |||||||| |||| 00| 0 hin d
024 _a212,292
037 _cTextual
040 _aARTS
_cARTS
_bhin
041 _2hin
_ahin
082 _aO152,3N32x, M6
100 _aशर्मा, यादवेन्द्र, चंद्र
245 0 _aनाजायज कब्जा
246 _aNājāyaj kabjā
260 _aजयपुर
_b पंचशील प्रका0
_c1986
300 _a127पृ.
_ccm.
650 _aहिन्दी साहित्य
_9156264
942 _hO152,3N32x, M6
_cTEXL
_2CC
999 _c362566
_d362566